000 01486cam a2200385 a 4500
001 3088871
003 OSt
005 20210416053642.0
008 980617s1999 nyua b 001 0 eng
010 _a 98029877
020 _a0415920809
020 _a0415920817 (pbk.)
040 _aDLC
_cDLC
_dDLC
043 _aee-----
_ae-ur-ru
050 0 0 _aRA523.E852
_bC63 1999
080 _a61(09)
_bC-65
082 0 0 _a362.1/0947
_221
100 1 _aCockerham, William C.
245 1 0 _aHealth and social change in Russia and Eastern Europe /
_cWilliam C. Cockerham.
260 _aNew York :
_bRoutledge,
_c1999.
300 _axii, 284 p. :
_bill. ;
_c24 cm.
504 _aIncludes bibliographical references (p. [255]-275) and indexes.
650 0 _aHealth
_xSocial aspects
_zEurope, Eastern.
650 0 _aSocial medicine
_zEurope, Eastern.
650 0 _aLife expectancy
_zEurope, Eastern.
650 0 _aMortality
_zEurope, Eastern.
650 0 _aHealth
_xSocial aspects
_zRussia (Federation)
650 0 _aSocial medicine
_zRussia (Federation)
650 0 _aLife expectancy
_zRussia (Federation)
650 0 _aMortality
_zRussia (Federation)
856 4 2 _3Publisher description
_uhttp://www.loc.gov/catdir/enhancements/fy0651/98029877-d.html
906 _a7
_bcbc
_corignew
_d1
_eocip
_f19
_gy-gencatlg
942 _2udc
_cBK
999 _c119
_d119